000 01030nam a2200229Ia 4500
001 20929
005 20260327113836.0
008 260306t2024||||xx |||||||||||||| ||spa||
041 _aESP
082 _a343.8
_bN93
100 _aNunja García, José Luis,
_eAUT
245 0 _aAplicación del sistema tributario municipal :
_bestrategias para mejorar la recaudación :casos prácticos
260 _c2024
300 _a783 páginas :
_c25 cm.
650 _aGEN
654 _aCCO
856 _uhttps://itmsp.museknowledge.com/UCSP?url=https://www.ebooks7-24.com:443/?il=9435&pg=1
_zVéase además: Estrategia tributaria, por Javier García Restrepo. Versión digital
856 _uhttps://0u213uci5-y-https-ebooks7--24-com.itmsp.museknowledge.com/biblioteca.aspx
_zVéase además: Base de datos Ebook7-24
856 _uhttps://www.legismovil.pe/LNP.asp
_zVéase además: Base de datos LegisMóvil
856 _uhttps://legal.legis.com.pe/home/Corporativo
_zVéase además: Base de datos Multilegis
942 _cLIB
_dJUS
_fJUS
_2ddc
999 _c20929
_d20929